[Event "Mauricie op"]
[Site "Trois-Rivieres CAN"]
[Date "2008.03.30"]
[Round "4"]
[White "Drolet, Stephane"]
[Black "Larochelle, Martial"]
[Result "0-1"]
[WhiteElo "2141"]
[BlackElo "2195"]
[PlyCount "66"]
[GameId "2160767910351349"]
[EventDate "2008.03.28"]
[EventType "swiss"]
[EventRounds "5"]
[EventCountry "CAN"]

1. Nf3 Nc6 2. d4 d5 3. e3 Bg4 4. Bb5 e6 5. h3 Bxf3 6. Qxf3 Nf6 7. Nd2 Qd7 8. c3 Be7 9. Qd1 O-O 10. Qa4 a6 11. Bxc6 bxc6 12. b4 a5 13. Qc2 axb4 14. cxb4 Bxb4 15. O-O c5 16. dxc5 Qa4 17. Nb3 Ne4 18. a3 Bxc5 19. f3 Ng3 20. Qxc5 Nxf1 21. Nd4 Ng3 22. Bb2 Rfb8 23. Bc3 e5 24. Nc6 Ne2+ 25. Kh2 Rb5 26. Ne7+ Kh8 27. Qxc7 Nxc3 28. Qxc3 d4 29. exd4 exd4 30. Qc7 d3 31. Nc8 Qd4 32. Qc6 Qe5+ 33. Kh1 Qxa1+ 0-1

[Event "Mauricie op"]
[Site "Trois-Rivieres CAN"]
[Date "2008.03.30"]
[Round "4"]
[White "Fortier, Marc-Andre"]
[Black "Pepin, Christian"]
[Result "1-0"]
[WhiteElo "2156"]
[BlackElo "1923"]
[PlyCount "79"]
[GameId "2160767910351350"]
[EventDate "2008.03.28"]
[EventType "swiss"]
[EventRounds "5"]
[EventCountry "CAN"]

1. e4 e6 2. Qe2 c5 3. g3 Nc6 4. c3 d6 5. Bg2 e5 6. d3 Be7 7. Na3 Bg5 8. Bxg5 Qxg5 9. Nf3 Qd8 10. Rd1 Bg4 11. h3 Bxf3 12. Bxf3 Nge7 13. O-O O-O 14. Nc2 Qa5 15. a3 Qb6 16. Ne3 Rae8 17. Bg4 Qc7 18. Qd2 Rd8 19. b4 a6 20. Qa2 Kh8 21. f4 exf4 22. gxf4 cxb4 23. axb4 a5 24. bxa5 Ra8 25. Ra1 Rxa5 26. Qb2 Rfa8 27. Rxa5 Qxa5 28. d4 b5 29. Nc2 Qb6 30. Rb1 Rb8 31. Qa2 b4 32. Qxf7 b3 33. Ne3 Qa5 34. Rxb3 Qa1+ 35. Nd1 Rg8 36. Rb2 Qc1 37. Rf2 Ng6 38. f5 Nf4 39. Kh2 Nd8 40. Qc4 1-0

[Event "Mauricie op"]
[Site "Trois-Rivieres CAN"]
[Date "2008.03.30"]
[Round "4"]
[White "Masse, Hugues"]
[Black "Poitras, Luc"]
[Result "0-1"]
[WhiteElo "2246"]
[BlackElo "2120"]
[PlyCount "64"]
[GameId "2160767910351352"]
[EventDate "2008.03.28"]
[EventType "swiss"]
[EventRounds "5"]
[EventCountry "CAN"]

1. e4 c5 2. Nc3 Nc6 3. g3 e6 4. Bg2 Nf6 5. f4 d5 6. e5 d4 7. exf6 dxc3 8. bxc3 gxf6 9. d3 Qc7 10. Ne2 Bd7 11. f5 exf5 12. O-O O-O-O 13. c4 Be6 14. Bf4 Bd6 15. Bxd6 Qxd6 16. Nf4 h5 17. Nxh5 Qd4+ 18. Kh1 Qe3 19. Bxc6 bxc6 20. Nf4 Qxg3 21. Qe2 Qg4 22. Rae1 Bd7 23. Qf2 Rh4 24. Re2 Qg5 25. Qf3 Rdh8 26. Rg2 Rg4 27. h3 Rhh4 28. Rxg4 fxg4 29. Qf2 g3 30. Qf3 Rxf4 31. Qxf4 g2+ 32. Kh2 g1=Q+ 0-1

[Event "Mauricie op"]
[Site "Trois-Rivieres CAN"]
[Date "2008.03.30"]
[Round "4"]
[White "Thomas, Raymond"]
[Black "Desjardins, Michel"]
[Result "1/2-1/2"]
[WhiteElo "1867"]
[BlackElo "1965"]
[PlyCount "68"]
[GameId "2160767910351353"]
[EventDate "2008.03.28"]
[EventType "swiss"]
[EventRounds "5"]
[EventCountry "CAN"]

1. d3 d5 2. Nf3 Bg4 3. Nbd2 Nd7 4. g3 Ngf6 5. Bg2 c6 6. c4 dxc4 7. Nxc4 Nb6 8. b3 e6 9. O-O Be7 10. Bb2 O-O 11. Qd2 Nfd5 12. Nfe5 Bh5 13. h4 f6 14. Nf3 e5 15. Rac1 Qd7 16. Qd1 Rfd8 17. Nfd2 Nc7 18. b4 Bf7 19. a3 Nxc4 20. Nxc4 Bxc4 21. Rxc4 a5 22. bxa5 Rxa5 23. a4 Nd5 24. Qb3 Kf8 25. Rfc1 Bd6 26. d4 exd4 27. Rxd4 Be5 28. Rd3 Bxb2 29. Qxb2 Qc7 30. Rcd1 Raa8 31. Qd2 Re8 32. e4 Ne7 33. Rd7 Qb6 34. Qc2 Rad8 1/2-1/2

[Event "Mauricie op"]
[Site "Trois-Rivieres CAN"]
[Date "2008.03.30"]
[Round "4"]
[White "Voloaca, Mihnea"]
[Black "Luksza, Arkadiusz"]
[Result "1-0"]
[WhiteElo "2317"]
[BlackElo "2150"]
[PlyCount "73"]
[GameId "2160767910351354"]
[EventDate "2008.03.28"]
[EventType "swiss"]
[EventRounds "5"]
[EventCountry "CAN"]

1. d4 e6 2. c4 f5 3. g3 Nf6 4. Bg2 d5 5. Nh3 c6 6. b3 Bb4+ 7. Bd2 Bd6 8. O-O O-O 9. Bf4 b6 10. Bxd6 Qxd6 11. Nd2 Bb7 12. e3 Nbd7 13. Nf4 Kh8 14. Nf3 Ne4 15. Nd3 Qe7 16. Nfe5 Nxe5 17. Nxe5 g5 18. Qe2 Rf6 19. f3 Nd6 20. e4 Raf8 21. exd5 cxd5 22. f4 gxf4 23. Rxf4 Ne4 24. Bxe4 dxe4 25. Qe3 Rd8 26. Rh4 Qg7 27. Re1 Rdf8 28. Rf1 Bc8 29. b4 Bb7 30. a4 a6 31. b5 a5 32. c5 bxc5 33. dxc5 Bd5 34. c6 Rg8 35. b6 Rff8 36. Qc3 Qf6 37. Rh6 1-0

[Event "Mauricie op"]
[Site "Trois-Rivieres CAN"]
[Date "2008.03.30"]
[Round "5"]
[White "Chabot, Roland"]
[Black "Le Duin, Thierry"]
[Result "1/2-1/2"]
[WhiteElo "2285"]
[BlackElo "1966"]
[PlyCount "106"]
[GameId "2160767910351355"]
[EventDate "2008.03.28"]
[EventType "swiss"]
[EventRounds "5"]
[EventCountry "CAN"]
[SourceTitle "FQE 04"]

1. d4 Nf6 2. c4 c5 3. d5 b5 4. Nf3 g6 5. cxb5 a6 6. b6 Qxb6 7. Nc3 d6 8. e4 Bg4 9. Be2 Bxf3 10. Bxf3 Nbd7 11. O-O Bg7 12. Qc2 O-O 13. Bf4 Ne8 14. Bg5 Ndf6 15. Be2 Nc7 16. a4 Rab8 17. Rab1 Nd7 18. Be3 Qb3 19. Qd2 Bxc3 20. Qxc3 f6 21. a5 Rb4 22. f3 Rfb8 23. Qxb3 Rxb3 24. Bc1 Ne5 25. Bd1 R3b5 26. Be2 Rxa5 27. f4 Nf7 28. Bf3 Ra2 29. Rf2 Nb5 30. b3 Rxf2 31. Kxf2 Nd4 32. Bd1 c4 33. Be3 Nxb3 34. Be2 Rb4 35. Bxc4 Rxc4 36. Rxb3 Rxe4 37. Ra3 Nh6 38. Kf3 Rb4 39. Rxa6 Rb5 40. Ra8+ Kf7 41. Rh8 Kg7 42. Re8 Nf5 43. g4 Kf7 44. Rh8 Nxe3 45. Kxe3 Rb3+ 46. Kf2 Rb2+ 47. Kg3 Kg7 48. Re8 Re2 49. Kf3 Kf7 50. Kxe2 Kxe8 51. f5 Kf7 52. Kf3 Kg7 53. Kg3 Kh6 1/2-1/2

[Event "Mauricie op"]
[Site "Trois-Rivieres CAN"]
[Date "2008.03.30"]
[Round "5"]
[White "Djerkovic, Miladin"]
[Black "Auger, Bertrand"]
[Result "1-0"]
[WhiteElo "2306"]
[BlackElo "2014"]
[PlyCount "53"]
[GameId "2160767910351356"]
[EventDate "2008.03.28"]
[EventType "swiss"]
[EventRounds "5"]
[EventCountry "CAN"]
[SourceTitle "EXT 2011"]
[Source "ChessBase"]
[SourceDate "2011.11.26"]
[SourceVersion "1"]
[SourceVersionDate "2011.11.26"]
[SourceQuality "1"]

1. e4 e6 2. d4 d5 3. Nc3 dxe4 4. Nxe4 Bd7 5. Nf3 Bc6 6. Bd3 Nd7 7. O-O Ngf6 8. Ned2 Be7 9. c4 O-O 10. b3 b6 11. Bb2 Bb7 12. Qe2 c5 13. Rad1 cxd4 14. Nxd4 Re8 15. N2f3 Qc7 16. Nxe6 fxe6 17. Qxe6+ Kh8 18. Ng5 g6 19. Bxg6 Qc6 20. Qxc6 Bxc6 21. Bxe8 Rxe8 22. Rfe1 Kg8 23. Re6 Bb7 24. Rde1 Kf8 25. Bxf6 Nxf6 26. Rxf6+ Bxf6 27. Nxh7+ 1-0

[Event "Mauricie op"]
[Site "Trois-Rivieres CAN"]
[Date "2008.03.30"]
[Round "5"]
[White "Larochelle, Martial"]
[Black "Bolduc, Steve"]
[Result "0-1"]
[WhiteElo "2195"]
[BlackElo "2278"]
[PlyCount "58"]
[GameId "2160767910351359"]
[EventDate "2008.03.28"]
[EventType "swiss"]
[EventRounds "5"]
[EventCountry "CAN"]
[SourceTitle "EXT 2011"]
[Source "ChessBase"]
[SourceDate "2011.11.26"]
[SourceVersion "1"]
[SourceVersionDate "2011.11.26"]
[SourceQuality "1"]

1. Nf3 d5 2. d4 Nf6 3. c4 dxc4 4. e3 e6 5. Bxc4 c5 6. Qe2 a6 7. dxc5 Bxc5 8. O-O b5 9. Bd3 Nc6 10. Nc3 Bb7 11. a4 b4 12. Ne4 Nxe4 13. Bxe4 Qb6 14. b3 Ne7 15. Bxb7 Qxb7 16. Bb2 O-O 17. Rfd1 Nd5 18. Ng5 Be7 19. Nxh7 Kxh7 20. Qh5+ Kg8 21. Bxg7 Kxg7 22. Qg4+ Kh6 23. Qh3+ Kg6 24. Qg3+ Bg5 25. f4 f6 26. fxg5 f5 27. Qe5 Rae8 28. e4 Nc3 29. Rd4 Ne2+ 0-1

[Event "Mauricie op"]
[Site "Trois-Rivieres CAN"]
[Date "2008.03.30"]
[Round "5"]
[White "Luksza, Arkadiusz"]
[Black "Benoit-Deschamps, Jean-Marc"]
[Result "1-0"]
[WhiteElo "2150"]
[BlackElo "2112"]
[PlyCount "59"]
[GameId "2160767910351360"]
[EventDate "2008.03.28"]
[EventType "swiss"]
[EventRounds "5"]
[EventCountry "CAN"]
[SourceTitle "FQE 04"]

1. Nf3 c5 2. c4 Nf6 3. Nc3 e6 4. g3 b6 5. Bg2 Bb7 6. O-O d6 7. Re1 a6 8. e4 Nbd7 9. b3 Be7 10. Bb2 O-O 11. h3 Qc7 12. Qc2 Rac8 13. Rad1 Rfd8 14. d3 Bf8 15. Qc1 Qb8 16. a4 Qa8 17. Qf4 h6 18. Ne2 g5 19. Qc1 d5 20. Nxg5 hxg5 21. Qxg5+ Bg7 22. Bxf6 Nxf6 23. e5 Nh7 24. Qg4 d4 25. Nf4 Bxg2 26. Nh5 Kf8 27. Qxg7+ Ke7 28. Nf4 Bf3 29. Ng6+ Ke8 30. Qg8+ 1-0

[Event "Mauricie op"]
[Site "Trois-Rivieres CAN"]
[Date "2008.03.30"]
[Round "5"]
[White "Poitras, Luc"]
[Black "Fortier, Marc-Andre"]
[Result "1/2-1/2"]
[WhiteElo "2120"]
[BlackElo "2156"]
[PlyCount "95"]
[GameId "2160767910351361"]
[EventDate "2008.03.28"]
[EventType "swiss"]
[EventRounds "5"]
[EventCountry "CAN"]
[SourceTitle "EXT 2011"]
[Source "ChessBase"]
[SourceDate "2011.11.26"]
[SourceVersion "1"]
[SourceVersionDate "2011.11.26"]
[SourceQuality "1"]

1. e4 c5 2. Nf3 d6 3. Bb5+ Bd7 4. Bxd7+ Nxd7 5. O-O g6 6. c3 Bg7 7. d4 Qc7 8. Re1 h6 9. d5 Ngf6 10. c4 O-O 11. Nc3 g5 12. h4 g4 13. Nh2 Ne5 14. Qe2 Qd7 15. Bf4 Ng6 16. Bg3 h5 17. Rad1 Rad8 18. Nf1 Ne8 19. Rd3 Be5 20. Qe3 Kh7 21. Rdd1 Ng7 22. Bxe5 dxe5 23. g3 b6 24. Qd3 e6 25. Qc2 Qe7 26. Ne3 f5 27. dxe6 f4 28. Rxd8 Rxd8 29. Ned5 Qxe6 30. Rd1 Rf8 31. Qd2 Qf7 32. Nb5 fxg3 33. fxg3 Qf3 34. Qe1 Ne6 35. Nbc7 Nxh4 36. Rd2 Nxc7 37. Nxc7 Qf7 38. gxh4 Qxc7 39. Qd1 Rf7 40. Rd6 Qe7 41. Qd2 Qf8 42. Rd7 Rxd7 43. Qxd7+ Kh8 44. Qe6 Qf4 45. Qe8+ Kg7 46. Qe7+ Kg6 47. Qe8+ Kg7 48. Qe7+ 1/2-1/2

[Event "Mauricie op"]
[Site "Trois-Rivieres CAN"]
[Date "2008.03.30"]
[Round "5"]
[White "Prahov, Valentin"]
[Black "Drolet, Stephane"]
[Result "1-0"]
[WhiteElo "2120"]
[BlackElo "2141"]
[PlyCount "111"]
[GameId "2160767910351362"]
[EventDate "2008.03.28"]
[EventType "swiss"]
[EventRounds "5"]
[EventCountry "CAN"]
[SourceTitle "EXT 2011"]
[Source "ChessBase"]
[SourceDate "2011.11.26"]
[SourceVersion "1"]
[SourceVersionDate "2011.11.26"]
[SourceQuality "1"]

1. e4 e6 2. d4 d5 3. exd5 exd5 4. Bd3 Nc6 5. c3 Bd6 6. Nf3 Nge7 7. O-O Bg4 8. Nbd2 Qd7 9. Re1 O-O 10. Qc2 Ng6 11. b4 a6 12. a4 f5 13. Bb2 Qf7 14. b5 axb5 15. axb5 Rxa1 16. Rxa1 Nce7 17. Ba3 Ra8 18. Qb2 Bxa3 19. Rxa3 Re8 20. Ra1 Nf4 21. Bf1 Qh5 22. Re1 Bxf3 23. Nxf3 Nc8 24. Rxe8+ Qxe8 25. Ne5 Ng6 26. c4 Nce7 27. g3 f4 28. Qd2 fxg3 29. hxg3 Nf5 30. Nxg6 Qxg6 31. Qf4 Qf7 32. b6 cxb6 33. Qb8+ Qf8 34. Qxb7 dxc4 35. Bxc4+ Kh8 36. Qxb6 Nd6 37. Qc5 Qb8 38. Bd3 Qd8 39. Qh5 Qg8 40. d5 h6 41. Qg6 Ne8 42. d6 Nf6 43. Bf5 Qf8 44. d7 Qe7 45. Kh2 h5 46. Kg2 Qf8 47. Be6 Qe7 48. Qf5 Qd6 49. Qa5 Qc6+ 50. Kh2 Qxe6 51. d8=Q+ Kh7 52. Qd3+ Kg8 53. Qad8+ Kf7 54. Qc7+ Kf8 55. Qdd8+ Ne8 56. Qc5+ 1-0

[Event "Mauricie op"]
[Site "Trois-Rivieres CAN"]
[Date "2008.03.30"]
[Round "5"]
[White "Szalay, Karoly"]
[Black "Masse, Hugues"]
[Result "0-1"]
[WhiteElo "2095"]
[BlackElo "2246"]
[PlyCount "84"]
[GameId "2160767910351363"]
[EventDate "2008.03.28"]
[EventType "swiss"]
[EventRounds "5"]
[EventCountry "CAN"]
[SourceTitle "FQE 04"]

1. e4 e6 2. d4 d5 3. Nd2 Be7 4. c3 c5 5. e5 Nh6 6. Ndf3 Nf5 7. Bd3 Nc6 8. Ne2 O-O 9. h4 cxd4 10. g4 Nxh4 11. Nxh4 Bxh4 12. cxd4 f5 13. gxf5 exf5 14. Be3 g5 15. Rxh4 gxh4 16. Bh6 Rf7 17. f4 Qb6 18. Bc2 Nxd4 19. Nxd4 Qxh6 20. Qf3 Be6 21. Bb3 Rd8 22. Rd1 Rfd7 23. Kf2 Kh8 24. Bc2 Rf8 25. Rg1 Rg7 26. Rg5 Bc8 27. Qa3 Rxg5 28. fxg5 Qg7 29. Nf3 Be6 30. Qd6 Rc8 31. Ba4 Qg6 32. Nd4 Bg8 33. e6 Qxg5 34. Qxd5 Qg3+ 35. Ke2 Rc1 36. Nc2 Qh2+ 37. Ke3 f4+ 38. Ke4 Qg2+ 39. Ke5 Qg7+ 40. Kd6 Qf6 41. Nd4 Qd8+ 42. Ke5 Re1+ 0-1

[Event "Mauricie op U1600"]
[Site "Trois-Rivieres CAN"]
[Date "2008.03.28"]
[Round "1"]
[White "Nunez-Painchaud, Raphael"]
[Black "Martin, Robert"]
[Result "1-0"]
[WhiteElo "1562"]
[BlackElo "1497"]
[PlyCount "41"]
[GameId "2160767910351364"]
[EventDate "2008.03.28"]
[EventType "swiss"]
[EventRounds "5"]
[EventCountry "CAN"]
[SourceTitle "hb 2016"]

1. c4 e5 2. Nc3 Nc6 3. Nf3 Nf6 4. d3 d5 5. cxd5 Nxd5 6. g3 Be6 7. Bg2 Be7 8. Bd2 Qd7 9. O-O O-O 10. Ng5 Bxg5 11. Bxg5 f6 12. Bd2 Rad8 13. Ne4 b6 14. Rc1 Nd4 15. e3 Nf5 16. Qc2 c5 17. Qb1 Nc7 18. b4 cxb4 19. Bxb4 Na6 20. Bxf8 Kxf8 21. Rc3 1-0

[Event "Mauricie op U1600"]
[Site "Trois-Rivieres CAN"]
[Date "2008.03.29"]
[Round "2"]
[White "Martin, Robert"]
[Black "Dardoura, Khaled"]
[Result "1-0"]
[WhiteElo "1562"]
[BlackElo "1452"]
[PlyCount "155"]
[GameId "2160767910351365"]
[EventDate "2008.03.28"]
[EventType "swiss"]
[EventRounds "5"]
[EventCountry "CAN"]
[SourceTitle "hb 2016"]

1. e4 e6 2. d4 d5 3. Nd2 c5 4. exd5 exd5 5. dxc5 Bxc5 6. Ngf3 Qb6 7. Qe2+ Ne7 8. Nb3 O-O 9. Nxc5 Qxc5 10. Be3 Qa5+ 11. Bd2 Qc7 12. O-O-O Bf5 13. Bc3 Nbc6 14. Qd2 h6 15. Nd4 Bh7 16. Bd3 Bxd3 17. Qxd3 Qf4+ 18. Rd2 Nxd4 19. Bxd4 Rfc8 20. Re1 Nc6 21. Be3 Qa4 22. Qxd5 Nb4 23. Qb3 Nxa2+ 24. Kb1 Qxb3 25. cxb3 Nb4 26. Rd7 b6 27. Bd2 Nc6 28. b4 Rd8 29. Rxd8+ Rxd8 30. Bc3 b5 31. Rc1 Rd6 32. f3 Kf8 33. Be1 Ke8 34. Bc3 g6 35. Re1+ Kd7 36. Kc1 Re6 37. Re4 f5 38. Rxe6 Kxe6 39. Kc2 Kd5 40. Kd3 a6 41. Bd2 h5 42. Bc3 Nd8 43. Bf6 Ne6 44. g3 Nf8 45. h3 Nd7 46. Bc3 Nb6 47. g4 Nc4 48. b3 fxg4 49. bxc4+ bxc4+ 50. Ke3 g3 51. h4 Ke6 52. f4 Kf5 53. Kf3 g2 54. Kxg2 Kxf4 55. Kf2 Kg4 56. Bf6 Kf5 57. Bg5 Ke4 58. Ke2 c3 59. Bf6 c2 60. Kd2 c1=Q+ 61. Kxc1 Kd3 62. Kb2 Kc4 63. Ka3 Kb5 64. Kb3 Kc6 65. Kc4 Kd6 66. Bg5 Kc6 67. Be3 Kd6 68. b5 axb5+ 69. Kxb5 Ke6 70. Kc5 Ke5 71. Bg5 Ke6 72. Kd4 Kd6 73. Ke4 Ke6 74. Kf4 Kf7 75. Ke5 Kg7 76. Ke6 Kg8 77. Kf6 Kh7 78. Kf7 1-0

[Event "Mauricie op U1600"]
[Site "Trois-Rivieres CAN"]
[Date "2008.03.29"]
[Round "3"]
[White "Senecal, Jean-Pierre"]
[Black "Martin, Robert"]
[Result "0-1"]
[WhiteElo "1361"]
[BlackElo "1562"]
[PlyCount "88"]
[GameId "2160767910351366"]
[EventDate "2008.03.28"]
[EventType "swiss"]
[EventRounds "5"]
[EventCountry "CAN"]
[SourceTitle "hb 2016"]

1. e4 e5 2. c3 Nf6 3. Nf3 d5 4. Be2 dxe4 5. Nxe5 Bd6 6. Nc4 O-O 7. O-O Bf5 8. Ne3 Bg6 9. f4 h6 10. f5 Bh7 11. d4 c6 12. Qe1 Qc7 13. Qh4 Be7 14. Qh3 Nbd7 15. Ng4 Nxg4 16. Bxg4 Nf6 17. Nd2 b5 18. Be2 Kh8 19. Qe3 c5 20. Nxe4 cxd4 21. cxd4 a6 22. Bd2 Qd7 23. a3 Bxf5 24. Nxf6 Bxf6 25. Bc3 Rfe8 26. Qf2 Be4 27. Rad1 Bd5 28. Bf3 Bg5 29. Qg3 Rac8 30. Bg4 Be6 31. Bf3 Bf6 32. d5 Qa7+ 33. Kh1 Bxc3 34. dxe6 Bxb2 35. Rd7 Qc5 36. exf7 Rf8 37. Qg6 Qg5 38. Qd3 Rcd8 39. Re1 Rxd7 40. Qxd7 Bxa3 41. Re8 Qc1+ 42. Bd1 Qc5 43. Qd3 Qc4 44. Qxa3 Qf1# 0-1

[Event "Mauricie op U1600"]
[Site "Trois-Rivieres CAN"]
[Date "2008.03.30"]
[Round "4"]
[White "Boucher, Mario"]
[Black "Chesnut, Walter"]
[Result "0-1"]
[WhiteElo "1544"]
[BlackElo "1464"]
[PlyCount "106"]
[GameId "2160767910351367"]
[EventDate "2008.03.28"]
[EventType "swiss"]
[EventRounds "5"]
[EventCountry "CAN"]

1. d4 Nf6 2. c4 g6 3. Nc3 d5 4. cxd5 Nxd5 5. e4 Nxc3 6. bxc3 Bg7 7. Be3 c5 8. Qd2 Qa5 9. Ne2 cxd4 10. cxd4 Qxd2+ 11. Bxd2 Nc6 12. Be3 Nb4 13. Kd2 Na6 14. Nc3 b6 15. Nd5 Kd7 16. Bxa6 Bxa6 17. Rhc1 Rhc8 18. Rxc8 Rxc8 19. Rc1 Rxc1 20. Kxc1 Bf1 21. g3 e5 22. dxe5 Bxe5 23. Kd2 Bc4 24. Nc3 Bxc3+ 25. Kxc3 Bxa2 26. h4 h5 27. Kb4 Be6 28. e5 Kc6 29. f4 a5+ 30. Ka4 Bg4 31. Kb3 Bd1+ 32. Kb2 b5 33. Kc1 Bg4 34. Kb1 b4 35. Bd4 Kb5 36. Kc1 Kc4 37. Bb2 b3 38. Kb1 Kd3 39. Bd4 Ke2 40. Bc5 Kf3 41. Be7 Kxg3 42. Bg5 Kf3 43. Kb2 a4 44. Ka3 Bd7 45. Kb2 Ke3 46. Ka3 Kd3 47. Kb2 Be6 48. Be7 a3+ 49. Bxa3 Ke4 50. Be7 Kxf4 51. Bf6 g5 52. Bxg5+ Kxe5 53. Bd2 f5 0-1

[Event "Mauricie op U1600"]
[Site "Trois-Rivieres CAN"]
[Date "2008.03.30"]
[Round "4"]
[White "Martin, Robert"]
[Black "Boissonneault, Benoit"]
[Result "0-1"]
[WhiteElo "1562"]
[BlackElo "1410"]
[PlyCount "53"]
[GameId "2160767910351368"]
[EventDate "2008.03.28"]
[EventType "swiss"]
[EventRounds "5"]
[EventCountry "CAN"]
[SourceTitle "hb 2016"]

1. e4 c5 2. Nc3 Nc6 3. Nf3 d6 4. d4 cxd4 5. Nxd4 e6 6. Be3 a6 7. Be2 Nf6 8. Qd2 Qc7 9. O-O Be7 10. a4 O-O 11. Nb3 b6 12. f4 Bb7 13. Bf3 Rab8 14. Qf2 Nd7 15. Nd2 Nb4 16. Rac1 Nc5 17. Nb3 Bc6 18. Ra1 Qb7 19. Nd4 Bxe4 20. Bxe4 Nxe4 21. Qf3 Nc5 22. Qg4 Bf6 23. f5 e5 24. Bg5 Bxg5 25. Qxg5 f6 26. Qd2 exd4 27. Ne2 0-1

[Event "Mauricie op U1600"]
[Site "Trois-Rivieres CAN"]
[Date "2008.03.30"]
[Round "5"]
[White "Chesnut, Walter"]
[Black "Dupont, Claude"]
[Result "1-0"]
[WhiteElo "1464"]
[BlackElo "1494"]
[PlyCount "41"]
[GameId "2160767910351369"]
[EventDate "2008.03.28"]
[EventType "swiss"]
[EventRounds "5"]
[EventCountry "CAN"]

1. d4 d5 2. c4 e6 3. Nc3 Nf6 4. cxd5 Nxd5 5. e4 Nxc3 6. bxc3 c6 7. Nf3 Be7 8. Bd3 Nd7 9. O-O b5 10. a4 bxa4 11. Qxa4 Bb7 12. Bf4 O-O 13. Rfb1 Nb6 14. Qa5 f6 15. Qh5 e5 16. Be3 exd4 17. cxd4 Qc7 18. Nh4 Bc8 19. Rxb6 Qxb6 20. Bc4+ Kh8 21. Ng6# 1-0

[Event "Mauricie op U1600"]
[Site "Trois-Rivieres CAN"]
[Date "2008.03.30"]
[Round "5"]
[White "Gauthier, Denis R"]
[Black "Martin, Robert"]
[Result "1-0"]
[WhiteElo "1516"]
[BlackElo "1562"]
[PlyCount "33"]
[GameId "2160767910351370"]
[EventDate "2008.03.28"]
[EventType "swiss"]
[EventRounds "5"]
[EventCountry "CAN"]
[SourceTitle "hb 2016"]

1. c4 e5 2. e3 d5 3. cxd5 Qxd5 4. Na3 Bxa3 5. Qa4+ Nc6 6. Qxa3 Nge7 7. Ne2 O-O 8. b4 Ng6 9. h4 e4 10. Nc3 Qe6 11. h5 Nge7 12. b5 Ne5 13. Nxe4 Ng4 14. f3 Re8 15. Bb2 Ne5 16. Qc3 f6 17. Ng5 1-0

[Event "Mauricie op U2000"]
[Site "Trois-Rivieres CAN"]
[Date "2008.03.28"]
[Round "1"]
[White "Desjardins, Michel"]
[Black "Lavoie, Eric"]
[Result "1/2-1/2"]
[WhiteElo "1965"]
[BlackElo "1842"]
[PlyCount "86"]
[GameId "2160767910351371"]
[EventDate "2008.03.28"]
[EventType "swiss"]
[EventRounds "5"]
[EventCountry "CAN"]
[SourceTitle "FQE 04"]

1. e4 e6 2. d3 d5 3. Nd2 Nf6 4. Ngf3 Nc6 5. g3 Bd6 6. Bg2 O-O 7. O-O dxe4 8. dxe4 e5 9. Re1 Qe7 10. c3 Rd8 11. Qe2 a6 12. Nf1 h6 13. Nh4 Bg4 14. Bf3 Qe6 15. Ne3 Bxf3 16. Qxf3 Ne7 17. Nhf5 Kh7 18. b3 Bc5 19. Nxe7 Bxe3 20. Bxe3 Qxe7 21. Rad1 Rxd1 22. Rxd1 Rd8 23. Rxd8 Qxd8 24. Qf5+ Kg8 25. Qxe5 Qd1+ 26. Kg2 Qe2 27. Bd4 Qxe4+ 28. Qxe4 Nxe4 29. Kf3 Ng5+ 30. Kf4 f6 31. h4 Ne6+ 32. Ke4 Kf7 33. Be3 g5 34. hxg5 hxg5 35. Kf5 Ng7+ 36. Ke4 Ke6 37. g4 Ne8 38. c4 Nd6+ 39. Kd4 Nf7 40. f4 Nh6 41. fxg5 fxg5 42. Bxg5 Nxg4 43. Bf4 Kd7 1/2-1/2

[Event "Mauricie op U2000"]
[Site "Trois-Rivieres CAN"]
[Date "2008.03.28"]
[Round "1"]
[White "Jobin, Gilles"]
[Black "Chevalier, Francois"]
[Result "1/2-1/2"]
[WhiteElo "1866"]
[BlackElo "1856"]
[PlyCount "39"]
[GameId "2160767910351372"]
[EventDate "2008.03.28"]
[EventType "swiss"]
[EventRounds "5"]
[EventCountry "CAN"]
[SourceTitle "hb 2016"]

1. e4 c6 2. d4 d5 3. e5 Bf5 4. Nd2 e6 5. g4 Bg6 6. h4 h6 7. Ngf3 c5 8. c3 Nc6 9. Bb5 Qb6 10. Qa4 Rc8 11. O-O a6 12. Bxc6+ Qxc6 13. Qxc6+ Rxc6 14. dxc5 Bxc5 15. Nb3 Ne7 16. Nfd4 Bxd4 17. Nxd4 Rc7 18. f4 Nc6 19. Be3 Nxd4 20. Bxd4 1/2-1/2

[Event "Mauricie op U2000"]
[Site "Trois-Rivieres CAN"]
[Date "2008.03.29"]
[Round "2"]
[White "Allard, Laurent"]
[Black "Jobin, Gilles"]
[Result "1-0"]
[WhiteElo "1708"]
[BlackElo "1866"]
[PlyCount "92"]
[GameId "2160767910351373"]
[EventDate "2008.03.28"]
[EventType "swiss"]
[EventRounds "5"]
[EventCountry "CAN"]
[SourceTitle "hb 2016"]

1. e4 e5 2. Nf3 Nc6 3. Bc4 Nf6 4. d3 d5 5. exd5 Nxd5 6. O-O Be7 7. Re1 Bg4 8. Nbd2 O-O 9. Nf1 Bf6 10. h3 Bxf3 11. Qxf3 Nb6 12. Bb3 Na5 13. Ng3 Nxb3 14. axb3 Nd5 15. Ne4 Be7 16. Bd2 c6 17. Ng3 Qc7 18. Nf5 Bf6 19. Ne3 e4 20. dxe4 Nxe3 21. Qxe3 Bxb2 22. Rxa7 Rxa7 23. Qxa7 Qd6 24. Be3 Bc3 25. Rf1 Qb8 26. Qxb8 Rxb8 27. Rd1 Kf8 28. Rd3 Bb4 29. Bd2 Be7 30. Kf1 Ke8 31. Ke2 Ra8 32. Bc3 f6 33. Rd1 Ra2 34. Kd3 Bc5 35. f4 Ra8 36. Ra1 Rd8+ 37. Ke2 b5 38. Bd2 Kf7 39. Be3 Bxe3 40. Kxe3 Ke6 41. Ra7 Rd7 42. Rxd7 Kxd7 43. Kd4 Kd6 44. b4 g5 45. g3 h5 46. h4 Ke6 1-0

[Event "Mauricie op U2000"]
[Site "Trois-Rivieres CAN"]
[Date "2008.03.29"]
[Round "3"]
[White "Jobin, Gilles"]
[Black "Pilotte, Benoit"]
[Result "0-1"]
[WhiteElo "1866"]
[BlackElo "1814"]
[PlyCount "107"]
[GameId "2160767910351374"]
[EventDate "2008.03.28"]
[EventType "swiss"]
[EventRounds "5"]
[EventCountry "CAN"]
[SourceTitle "hb 2016"]

1. e4 d6 2. d4 Nf6 3. Nc3 g6 4. Nf3 Bg7 5. Be3 O-O 6. h3 a6 7. a4 Nbd7 8. Bd3 c5 9. dxc5 Nxc5 10. O-O Nfd7 11. Qd2 Nxd3 12. cxd3 Nc5 13. Bxc5 dxc5 14. a5 Be6 15. Na4 Rc8 16. Rac1 Qd6 17. Nb6 Rc6 18. Qc2 Qf4 19. Nd5 Bxd5 20. exd5 Rc7 21. Qb3 Rfc8 22. Rc4 Qd6 23. Re4 Rd7 24. Rc1 Bf6 25. d4 Qxd5 26. Qxd5 Rxd5 27. b4 c4 28. Ne5 c3 29. Nf3 Rc4 30. Rc2 Rxb4 31. Rxc3 Rxa5 32. Rc8+ Kg7 33. Re2 Rd5 34. g3 e6 35. Rc7 Bd8 36. Rc8 Rd7 37. Rd2 Bf6 38. Re8 Bxd4 39. Rc2 Bb6 40. Kg2 Rb5 41. h4 Rbd5 42. Rb2 Bd8 43. g4 b5 44. g5 a5 45. Nh2 Re7 46. Rxd8 Rxd8 47. Rxb5 Ra7 48. Nf3 a4 49. Rb2 h6 50. gxh6+ Kxh6 51. Ne5 a3 52. Ra2 Rd5 53. Nc4 Rd3 54. Ne5 0-1

[Event "Mauricie op U2000"]
[Site "Trois-Rivieres CAN"]
[Date "2008.03.30"]
[Round "4"]
[White "Duplessis, Jean-Roch"]
[Black "Jobin, Gilles"]
[Result "1/2-1/2"]
[WhiteElo "1662"]
[BlackElo "1883"]
[PlyCount "79"]
[GameId "2160767910351375"]
[EventDate "2008.03.28"]
[EventType "swiss"]
[EventRounds "5"]
[EventCountry "CAN"]
[SourceTitle "hb 2016"]

1. e4 e5 2. Nf3 Nc6 3. Nc3 Bc5 4. Na4 Be7 5. d4 exd4 6. Nxd4 d6 7. Nxc6 bxc6 8. Bc4 Nf6 9. Nc3 O-O 10. O-O Nxe4 11. Nxe4 d5 12. Bd3 dxe4 13. Bxe4 Qxd1 14. Rxd1 Bb7 15. Bf4 f5 16. Bf3 Bf6 17. Rd7 Rf7 18. Rxc7 Rxc7 19. Bxc7 Rc8 20. Ba5 Ba6 21. Rd1 Bxb2 22. Rd7 Bc4 23. Rxa7 Bxa2 24. Bc3 Bxc3 25. Rxa2 Kf7 26. g4 fxg4 27. Bxg4 Rc7 28. Ra8 Ke7 29. Rc8 Rxc8 30. Bxc8 h5 31. Kg2 g5 32. h3 Kf6 33. Bb7 c5 34. Bf3 h4 35. Be4 Ke5 36. Kf3 Be1 37. Bd3 Kd4 38. Kg4 c4 39. Bh7 Bd2 40. f3 1/2-1/2